| 000 | 00807nam a2200241 a 4500 | ||
|---|---|---|---|
| 003 | DO-SdBNP | ||
| 005 | 20211020144107.0 | ||
| 007 | ta | ||
| 008 | 211020e2016 dr ao||er|||| 00| edspa d | ||
| 020 | _a9789945902501 | ||
| 040 |
_aDO-SdBNP _bspa _cBNPHU |
||
| 082 | 4 |
_222 _bC355v |
|
| 100 | 1 |
_aCastro, Maritza _d1966 _980282 |
|
| 245 | 1 | 3 |
_aLa verdad oculta en el asesinato del arenero José Castro / _cMaritza Castro; prólogo, Irma Nicasio Rodríguez |
| 260 |
_aSanto Domingo : _bRHPGMedia, _c2016 |
||
| 300 |
_a117 pages : _bil., fot. ; _c 23 cm. |
||
| 590 | _aInventariado 2021 / MF | ||
| 600 | 1 |
_aJosé Castro _980283 |
|
| 650 | 0 |
_aEmpresarios _xRepública Dominicana _980284 |
|
| 650 | 0 |
_aAsesinato Castro, José _xAsesinato _980285 |
|
| 700 | 1 |
_974036 _aNicasio Rodríguez, Irma |
|
| 942 |
_2ddc _cLBS1 |
||
| 999 |
_c50784 _d50784 |
||